00957mam a2200145 a 4500020002300000020001800023082001500041100001600056245005300072250001200125260009000137300002500227505053700252650002200789 a0751401684 (pbk) : a978075140168404a541.37 CRO1 aCrow, D. R.10aPrinciples and applications of electrochemistry  a4th ed. aGlasgow :bBlackie Academic & Professional ;aNew York :bChapman & Hall USA,cc1994. axi, 282 p. :bill. ;0 a1. The development and structure of electrochemistry -- 2. Ionic interaction: the ways in which ions affect each other in solution -- 3. Ionic equilibria: the behaviour of acids and bases -- 4. The conducting properties of electrolytes -- 5. Interfacial phenomena: double layers -- 6. Electrode potentials and electrochemical cells -- 7. Electrode processes -- 8. Determination and investigation of physical parameters -- 9. Electroanalytical techniques -- 10. Electrochemical sensors -- 11. The exploitation of electrode processes. 0aElectrochemistry.